| 000 | 00428 a2200157 4500 | ||
|---|---|---|---|
| 020 | _a 8170299934 | ||
| 082 | _a005.133 | ||
| 090 |
_c2056 _d2056 |
||
| 100 | _aKanetkar,Yashavant. | ||
| 245 |
_aGraphics Under C _cYashavant, Kanetkar. |
||
| 260 |
_aNew Delhi: _bBPB Publications, _cc1998. |
||
| 300 |
_aviii, 458p.: _b ill. ; _c22cm. |
||
| 500 | _aIncludes Index | ||
| 650 | _aComputer Program Language. | ||
| 942 |
_cBK _k005.133 KAN |
||
| 999 |
_c5994 _d5994 |
||